000 00720nam a2200181Ia 4500
003 GCL
008 140319s9999 xx 000 0 ara d
040 _aGCL /
_cGCL
082 0 4 _aم
_b011.08
_bم د
100 1 _aالمجلس العربى للطفولة والتنمية
245 1 0 _aالدليل الببلوجرافى لطفل ماقبل المدرسة فى الوطن العربى /
_cالمجلس العربى للطفولة والتنمية
260 _a[S.N] :
_bالمجلس العربى للطفولة والتنمية
300 _a201 ص
490 _aتعلم قواعد الخط
_v0
650 0 4 _aادب الاطفال
650 0 4 _aالببليوجرافيات الموضوعية
942 _2ddc
_cREF
999 _c59242
_d59242